El jardin moderno (Record no. 155897)

MARC details
000 -LEADER
fixed length control field 00688nam a22002177a 4500
005 - DATE AND TIME OF LATEST TRANSACTION
control field 20210531110006.0
008 - FIXED-LENGTH DATA ELEMENTS--GENERAL INFORMATION
fixed length control field 210531b mx ||||| |||| 00| 0 spa d
020 ## - INTERNATIONAL STANDARD BOOK NUMBER
International Standard Book Number 8425218101
050 04 - LIBRARY OF CONGRESS CALL NUMBER
Classification number SB469.37
Item number B76 2000
100 1# - MAIN ENTRY--PERSONAL NAME
Personal name Brown, Jane
240 10 - UNIFORM TITLE
Uniform title the modern garden.
Language of a work Español
245 13 - TITLE STATEMENT
Title El jardin moderno
Statement of responsibility, etc / Jane Brown ; fotografías de Sofía Brignone y Alan Ward
250 ## - EDITION STATEMENT
Edition statement 1a ed.
260 ## - PUBLICATION, DISTRIBUTION, ETC. (IMPRINT)
Place of publication, distribution, etc Barcelona, España :
Name of publisher, distributor, etc Gustavo Gili,
Date of publication, distribution, etc 2000
300 ## - PHYSICAL DESCRIPTION
Extent 224 p. :
Other physical details il. ;
Dimensions 27 cm.
500 ## - GENERAL NOTE
General note Incluye bibliografía e índice
650 #7 - SUBJECT ADDED ENTRY--TOPICAL TERM
Source of heading or term lemb
Topical term or geographic name as entry element Arquitectura del paisaje
700 1# - ADDED ENTRY--PERSONAL NAME
Personal name Brignone, Sofía
Relator term fotografa
700 1# - ADDED ENTRY--PERSONAL NAME
Personal name Ward, Alan
942 ## - ADDED ENTRY ELEMENTS (KOHA)
Source of classification or shelving scheme Biblioteca del Cogreso de los Estados Unidos
Koha item type Libro Electrónico
Holdings
Estado de pérdida Fuente de clasificación Estado del daño No para préstamo Ubicación permanente Ubicación actual Apartado o colección Fecha de adquisición Edición Área del conocimiento Clasificación Código de Barras Date last seen Número de copia Costo por reposición Tipo de recurso
  Biblioteca del Cogreso de los Estados Unidos     Biblioteca de la Facultad de Arquitectura Biblioteca de la Facultad de Arquitectura General 31/05/2021 1a ed. Ingeniería y Tecnología SB469.37 B76 2000 BFA000004200 31/05/2021 1 1.00 Libro